Artistic Cartography and Design Explorations Towards the Pluriverse.

Bibliographic Details
Main Author: Miettinen, Satu.
Other Authors: Mikkonen, Enni., Loschiavo dos Santos, Maria Cecilia., Sarantou, Melanie.
Format: eBook
Language:English
Published: Milton : Taylor & Francis Group, 2022.
Edition:1st ed.
Series:Routledge Advances in Art and Visual Studies
Subjects:
Online Access:Click to View
LEADER 01723nam a22004213i 4500
001 EBC7245015
003 MiAaPQ
005 20231204023228.0
006 m o d |
007 cr cnu||||||||
008 231204s2022 xx o ||||0 eng d
020 |a 9781000816020  |q (electronic bk.) 
020 |z 9781032245164 
035 |a (MiAaPQ)EBC7245015 
035 |a (Au-PeEL)EBL7245015 
035 |a (OCoLC)1378932744 
040 |a MiAaPQ  |b eng  |e rda  |e pn  |c MiAaPQ  |d MiAaPQ 
082 0 |a 745.4 
100 1 |a Miettinen, Satu. 
245 1 0 |a Artistic Cartography and Design Explorations Towards the Pluriverse. 
250 |a 1st ed. 
264 1 |a Milton :  |b Taylor & Francis Group,  |c 2022. 
264 4 |c Ã2023. 
300 |a 1 online resource (283 pages) 
336 |a text  |b txt  |2 rdacontent 
337 |a computer  |b c  |2 rdamedia 
338 |a online resource  |b cr  |2 rdacarrier 
490 1 |a Routledge Advances in Art and Visual Studies 
588 |a Description based on publisher supplied metadata and other sources. 
590 |a Electronic reproduction. Ann Arbor, Michigan : ProQuest Ebook Central, 2023. Available via World Wide Web. Access may be limited to ProQuest Ebook Central affiliated libraries.  
655 4 |a Electronic books. 
700 1 |a Mikkonen, Enni. 
700 1 |a Loschiavo dos Santos, Maria Cecilia. 
700 1 |a Sarantou, Melanie. 
776 0 8 |i Print version:  |a Miettinen, Satu  |t Artistic Cartography and Design Explorations Towards the Pluriverse  |d Milton : Taylor & Francis Group,c2022  |z 9781032245164 
797 2 |a ProQuest (Firm) 
830 0 |a Routledge Advances in Art and Visual Studies 
856 4 0 |u https://ebookcentral.proquest.com/lib/matrademy/detail.action?docID=7245015  |z Click to View